Catálogo
 En Linea

Niñez rubata = Niñez robada / (Registro nro. 51695)

Detalles MARC
000 -CABECERA
campo de control de longitud fija 01243nam a2200301 a 4500
003 - IDENTIFICADOR DEL NÚMERO DE CONTROL
campo de control DO-SdBNP
005 - FECHA Y HORA DE LA ÚLTIMA TRANSACCIÓN
campo de control 20220511121431.0
007 - CAMPO FIJO DE DESCRIPCIÓN FÍSICA--INFORMACIÓN GENERAL
campo de control de longitud fija ta
008 - DATOS DE LONGITUD FIJA--INFORMACIÓN GENERAL
campo de control de longitud fija 220511e2020 br a|||gr|||| 001 mdpor d
040 ## - FUENTE DE LA CATALOGACIÓN
Centro catalogador/agencia de origen DO-SdBNP
Lengua de catalogación spa
Centro/agencia transcriptor BNPHU
082 #4 - NÚMERO DE LA CLASIFICACIÓN DECIMAL DEWEY
Número de edición 22
Número de documento/Ítem M285n
245 10 - MENCIÓN DE TÍTULO
Título Niñez rubata = Niñez robada /
Mención de responsabilidad, etc. Patricia Shira Mano Tolentino, Rosalía Ramírez; Prólogo, Liliana Segre; Editor, Roberta Semeraro, Traductora, Ybel Cruz; Fotografías, Hilary Zetter.
246 11 - FORMA VARIANTE DE TÍTULO
Título propio/Titulo breve Niñez robada
260 ## - PUBLICACIÓN, DISTRIBUCIÓN, ETC.
Lugar de publicación, distribución, etc. Venezia :
Nombre del editor, distribuidor, etc. Magazzino Gallery,
Fecha de publicación, distribución, etc. 2020
300 ## - DESCRIPCIÓN FÍSICA
Extensión 47 p. :
Otras características físicas il. ;
Dimensiones 28 cm.
500 ## - NOTA GENERAL
Nota general Incluye datos biográficos de las autoras, p. 2- 3
546 ## - NOTA DE LENGUA/LENGUAJE
Nota de lengua/lenguaje Incluye traducción del portugués al español.
590 ## - NOTA LOCAL (RLIN)
Nota local Inventariado 2022 / MF
600 #4 - PUNTO DE ACCESO ADICIONAL DE MATERIA--NOMBRE DE PERSONA
Nombre de persona Mano Tolentino, Patricia Shira,
Fechas asociadas al nombre 1960-
Título de la obra Niñez rubata = Niñez robada
Subdivisión de forma Biografía
Subdivisión general Artes Plásticas
9 (RLIN) 81591
600 #4 - PUNTO DE ACCESO ADICIONAL DE MATERIA--NOMBRE DE PERSONA
Nombre de persona Ramírez, Rosalía,
Fechas asociadas al nombre 1960-
Título de la obra Niñez rubata = Niñez robada
Subdivisión de forma Biografía
Subdivisión general Poesías
9 (RLIN) 81592
700 1# - PUNTO DE ACCESO ADICIONAL--NOMBRE DE PERSONA
Nombre de persona Ramírez, Rosalía,
Fechas asociadas al nombre 1960-
9 (RLIN) 81593
700 1# - PUNTO DE ACCESO ADICIONAL--NOMBRE DE PERSONA
Nombre de persona Segre, Liliana,
Término indicativo de función/relación pról.
9 (RLIN) 81594
700 1# - PUNTO DE ACCESO ADICIONAL--NOMBRE DE PERSONA
Nombre de persona Semeraro, Roberta,
Término indicativo de función/relación ed.
9 (RLIN) 81595
700 1# - PUNTO DE ACCESO ADICIONAL--NOMBRE DE PERSONA
Nombre de persona Cruz, Ybel,
Término indicativo de función/relación trad.
9 (RLIN) 81596
700 1# - PUNTO DE ACCESO ADICIONAL--NOMBRE DE PERSONA
Nombre de persona Zetter, Hilary,
Término indicativo de función/relación fotogr,
9 (RLIN) 81597
910 ## - DATOS DE OPCIÓN DEL USUARIO (OCLC)
Datos de opción del usuario MFeliz
942 ## - ELEMENTOS DE PUNTO DE ACCESO ADICIONAL (KOHA)
Fuente del sistema de clasificación o colocación Dewey Decimal Classification
Tipo de ítem Koha Libro
Existencias
Estado de retiro Estado de pérdida Fuente del sistema de clasificación o colocación Restricciones de uso No para préstamo Código de colección Localización permanente Ubicación/localización actual Ubicación en estantería Fecha de adquisición Fuente de adquisición Signatura topográfica completa Código de barras Fecha visto por última vez Precio válido a partir de Tipo de ítem Koha Número de copia Total de préstamos
    Dewey Decimal Classification Préstamo en sala   General Biblioteca Nacional Pedro Henríquez Ureña Biblioteca Nacional Pedro Henríquez Ureña Depósito 05.03.2022 Depósito legal / Editora Búho M285n 2022-1975 11.05.2022 11.05.2022 Libro    
    Dewey Decimal Classification Préstamo en sala   General Biblioteca Nacional Pedro Henríquez Ureña Biblioteca Nacional Pedro Henríquez Ureña Depósito 05.03.2022 Depósito legal / Editora Búho M285n 2022-1976 11.05.2022 11.05.2022 Libro e.2  
    Dewey Decimal Classification Préstamo en sala   General Biblioteca Nacional Pedro Henríquez Ureña Biblioteca Nacional Pedro Henríquez Ureña Depósito 05.03.2022 Depósito legal / Editora Búho M285n 2022-1977 11.05.2022 11.05.2022 Libro e.3  

Con tecnología Koha